[Event "6th EICC"]
[Site "Warsaw POL"]
[Date "2005.06.23"]
[Round "6"]
[White "Eljanov,P"]
[Black "Wojtaszek,R"]
[Result "1-0"]
[WhiteElo "2641"]
[BlackElo "2569"]
[EventDate "2005.06.18"]

1. d4 Nf6 2. c4 e6 3. Nf3 c5 4. d5 b5 5. dxe6 fxe6 6. cxb5 Bb7 7. Bf4 Be7
8. Nc3 O-O 9. e3 d5 10. Be2 Nbd7 11. h3 Qe8 12. O-O c4 13. Bh2 Rc8 14. Nd4
Bc5 15. b3 Bb4 16. Rc1 Bxc3 17. Rxc3 Ne4 18. Rc2 c3 19. Nf3 e5 20. b6 axb6
21. Bb5 Rxf3 22. Qxf3 Bc6 23. Qd1 Qg6 24. Bxc6 Qxc6 25. f3 Nef6 26. Qd3 b5
27. a3 Qc5 28. Bg3 b4 29. axb4 Qxb4 30. Bf2 Qxb3 31. Rfc1 e4 32. Qd4 Qa3
33. fxe4 Rc4 34. Qd1 Qc5 35. exd5 Ne4 36. d6 Qc6 37. Be1 Ne5 38. Qh5 Rc5
39. Qh4 Nf7 40. Qe7 Nfxd6 41. Qe6+ Kh8 42. Rd1 h5 43. Rd4 Kh7 44. Bg3 Nf5
45. Qxc6 Rxc6 46. Rxe4 Nxg3 47. Ra4 g5 48. Kf2 h4 49. e4 Kg6 50. Ke3 Kf6
51. Kd3 Nh5 52. Ra3 Nf4+ 53. Kd4 Rd6+ 54. Ke3 Rd3+ 55. Kf2 Ke5 56. Rcxc3
Rd2+ 57. Ke3 Re2+ 58. Kf3 Rxg2 59. Rc5+ Kf6 60. Ra6+ Ke7 61. Rc7+ Kd8 62.
Rh7 1-0

[Event "6th EICC"]
[Site "Warsaw POL"]
[Date "2005.06.23"]
[Round "6"]
[White "Fressinet,L"]
[Black "Parligras,M"]
[Result "1/2-1/2"]
[WhiteElo "2638"]
[BlackElo "2560"]
[EventDate "2005.06.18"]

1. e4 c5 2. Nf3 Nc6 3. Bb5 d6 4. O-O Bd7 5. Re1 Nf6 6. c3 a6 7. Ba4 b5 8.
Bc2 Bg4 9. d3 e6 10. Nbd2 Be7 11. h3 Bh5 12. Nf1 d5 13. Ng3 Bg6 14. Nh4
dxe4 15. dxe4 O-O 16. Qe2 Nd7 17. Nxg6 hxg6 18. Be3 e5 19. a4 Rb8 20. axb5
axb5 21. Red1 Qc7 22. Nf1 Rfd8 23. g3 c4 24. b3 cxb3 25. Bxb3 Na5 26. Ba2
Nf6 27. Rxd8+ 1/2-1/2

[Event "6th EICC"]
[Site "Warsaw POL"]
[Date "2005.06.23"]
[Round "6"]
[White "Gurevich,M"]
[Black "Kuzubov,Y"]
[Result "1-0"]
[WhiteElo "2630"]
[BlackElo "2558"]
[EventDate "2005.06.18"]

1. d4 Nf6 2. c4 e6 3. Nf3 Bb4+ 4. Nbd2 b6 5. a3 Bxd2+ 6. Bxd2 Bb7 7. Bg5 d6
8. e3 Nbd7 9. Bh4 O-O 10. Be2 Qe8 11. O-O Ne4 12. Nd2 Nxd2 13. Qxd2 f5 14.
b4 e5 15. f3 a5 16. Rac1 axb4 17. axb4 exd4 18. exd4 Qf7 19. Rfe1 Rfe8 20.
Bd3 Nf8 21. Rxe8 Rxe8 22. Bf2 Ng6 23. Ra1 Qd7 24. Ra7 Qc8 25. Qg5 Rf8 26.
h4 Rf6 27. h5 h6 28. Qg3 Nf8 29. d5 Qb8 30. Ra1 f4 31. Qh4 b5 32. Bd4 Rf7
33. Bg6 Nxg6 34. hxg6 Rd7 35. Re1 Qf8 36. Re4 bxc4 37. Qe1 1-0

[Event "6th EICC"]
[Site "Warsaw POL"]
[Date "2005.06.23"]
[Round "6"]
[White "Nataf,IA"]
[Black "Sargissian,G"]
[Result "1/2-1/2"]
[WhiteElo "2559"]
[BlackElo "2630"]
[EventDate "2005.06.18"]

1. e4 e5 2. Nf3 Nc6 3. d4 exd4 4. Nxd4 Bc5 5. Nxc6 Qf6 6. Qf3 dxc6 7. Bc4
Ne7 8. Nd2 Ng6 9. Qxf6 gxf6 10. Nb3 Bb6 11. a4 a5 12. Bd2 Rg8 13. Bc3 Ne5
14. Bf1 Be6 15. Nd4 O-O-O 16. Nxe6 fxe6 17. Bxe5 fxe5 18. f3 Bd4 19. Rb1 b5
20. axb5 cxb5 21. g3 c6 22. Bh3 Kd7 23. c3 Bb6 24. Rd1+ Ke7 25. Rxd8 Rxd8
26. Ke2 a4 27. Ra1 h5 28. f4 h4 29. f5 hxg3 30. hxg3 Rh8 31. Rh1 c5 32. Bg2
Rxh1 33. Bxh1 c4 34. f6+ Kxf6 35. Kd2 Bf2 36. Bg2 Bxg3 37. Bh3 Ke7 38. Kc2
Kd6 39. Bg4 Bf2 40. Bh5 Ke7 41. Bg6 Bc5 42. Bh5 a3 43. bxa3 Bxa3 44. Bg4
Bc5 45. Bh3 Bf2 46. Bg4 Bh4 47. Bh3 Kd6 48. Bg4 Be1 49. Bh3 Bxc3 50. Kxc3
Kc5 51. Bxe6 b4+ 52. Kc2 Kd4 53. Bd5 c3 54. Bc6 b3+ 55. Kxb3 Kd3 56. Ba4
Kxe4 1/2-1/2

[Event "6th EICC"]
[Site "Warsaw POL"]
[Date "2005.06.23"]
[Round "6"]
[White "Iljushin,A"]
[Black "Smirnov,P"]
[Result "1/2-1/2"]
[WhiteElo "2543"]
[BlackElo "2624"]
[EventDate "2005.06.18"]

1. d4 Nf6 2. c4 e6 3. Nc3 Bb4 4. Qc2 d5 5. cxd5 Qxd5 6. Nf3 Qf5 7. Qxf5
exf5 8. Bd2 c6 9. e3 Nbd7 10. a3 Bd6 11. Bc4 Nb6 12. Ba2 Be6 13. Bxe6 fxe6
14. e4 fxe4 15. Ng5 e5 1/2-1/2

[Event "6th EICC"]
[Site "Warsaw POL"]
[Date "2005.06.23"]
[Round "6"]
[White "Timofeev,Arty"]
[Black "Ftacnik,L"]
[Result "1/2-1/2"]
[WhiteElo "2622"]
[BlackElo "2540"]
[EventDate "2005.06.18"]

1. e4 c5 2. Nf3 d6 3. d4 cxd4 4. Nxd4 Nf6 5. Nc3 a6 6. Be3 e5 7. Nf3 Be7 8.
Bc4 O-O 9. O-O Be6 10. Qe2 b5 11. Bb3 b4 12. Na4 Bxb3 13. axb3 Nbd7 14. Nd2
Qb8 15. Nc4 d5 16. exd5 Nxd5 17. Rfd1 Qb5 18. Qf3 Nxe3 19. Nxe3 Nf6 20. Nd5
Bd8 21. Nxf6+ Bxf6 22. Rd5 Qc6 23. Nc5 e4 24. Nxe4 Bxb2 25. Rad1 Rae8 26.
Nc5 Re7 27. g3 Rfe8 28. Kg2 g6 29. Na4 Bg7 30. Rc5 Qxf3+ 31. Kxf3 h5 32.
Nb6 Re5 33. Rxe5 Rxe5 34. Nc4 Re8 35. Rd6 Ra8 36. Nb6 Rb8 37. Nc4 Ra8 38.
Nb6 Rb8 39. Nd5 Rb5 40. Ne3 Ra5 41. Ke2 Bf8 42. Rc6 h4 43. gxh4 Rh5 44. Rc4
a5 45. Re4 a4 46. bxa4 Ra5 47. Rg4 Kh7 48. Kf3 Rxa4 49. h5 Ra3 50. hxg6+
fxg6 51. Rc4 b3 52. Rc7+ Kg8 53. Nc4 Ra4 54. cxb3 Rb4 55. Na5 Rb5 56. Ra7
Bg7 57. Ra6 Kh7 58. Ra7 Kh6 59. Kg4 Bd4 60. Ra6 Bxf2 61. Nc4 Rxb3 62. Ne5
Rb4+ 63. Kf3 Bd4 64. Rxg6+ Kh7 65. Re6 Rb3+ 66. Kg4 Re3 1/2-1/2

[Event "6th EICC"]
[Site "Warsaw POL"]
[Date "2005.06.23"]
[Round "6"]
[White "Efimenko,Z"]
[Black "Balogh,C"]
[Result "1/2-1/2"]
[WhiteElo "2620"]
[BlackElo "2531"]
[EventDate "2005.06.18"]

1. e4 c5 2. Nf3 d6 3. d4 cxd4 4. Qxd4 Nc6 5. Bb5 Bd7 6. Bxc6 Bxc6 7. c4 Nf6
8. Nc3 e6 9. O-O Be7 10. b3 O-O 11. Bb2 Qa5 12. Rfe1 Rfe8 13. Qd3 Ng4 14.
Qd2 Ne5 15. Nd4 Rad8 16. Rad1 Kh8 17. f4 Qb6 18. Kh1 Bh4 19. Re2 Ng6 20.
Nxc6 bxc6 21. Rf1 Qa5 22. Qe3 Bf6 23. Rd1 Qh5 24. Ree1 Qg4 25. g3 h5 26.
Qe2 a6 27. Qxg4 hxg4 28. Rd3 c5 29. Nd1 Bxb2 30. Nxb2 d5 31. Red1 d4 32.
R3d2 e5 33. f5 Nf8 34. h3 Nh7 35. Nd3 Ng5 36. Re2 Rc8 37. hxg4 f6 38. Kg2
Kg8 39. Ne1 Kf7 40. Nf3 Nxf3 41. Kxf3 Rh8 42. Kg2 a5 43. Rb2 Rb8 44. Rh1
Rxh1 45. Kxh1 a4 46. Kg2 axb3 47. axb3 Ra8 48. b4 cxb4 49. Rxb4 Ra2+ 50.
Kf3 Ra3+ 51. Kf2 Ra2+ 52. Kf3 Ra3+ 53. Kf2 g5 54. Rb7+ Ke8 55. Rb6 Ke7 56.
Re6+ Kf7 57. c5 Rc3 1/2-1/2

[Event "6th EICC"]
[Site "Warsaw POL"]
[Date "2005.06.23"]
[Round "6"]
[White "Macieja,B"]
[Black "Pantsulaia,L"]
[Result "0-1"]
[WhiteElo "2613"]
[BlackElo "2496"]
[EventDate "2005.06.18"]

1. e4 c6 2. d4 d5 3. Nc3 dxe4 4. Nxe4 Bf5 5. Ng3 Bg6 6. h4 h6 7. Nf3 Nd7 8.
h5 Bh7 9. Bd3 Bxd3 10. Qxd3 e6 11. Bf4 Qa5+ 12. Bd2 Qc7 13. O-O-O Ngf6 14.
Ne4 O-O-O 15. g3 Nxe4 16. Qxe4 Nf6 17. Qe2 Bd6 18. Ne5 Bxe5 19. dxe5 Nd5
20. c4 Ne7 21. Bc3 c5 22. g4 Nc6 23. Qe3 Nd4 24. Rd2 Rhf8 25. Rhd1 f5 26.
exf6 e5 27. fxg7 Qxg7 28. Re1 Rde8 29. Bxd4 exd4 30. Qxe8+ Rxe8 31. Rxe8+
Kc7 32. Re4 Qf7 33. b3 Qf3 34. Re5 Kb6 35. b4 cxb4 36. Rd5 Qxg4 37. R5xd4
Qg1+ 38. Kb2 a5 39. Rd6+ Ka7 40. R6d5 Qg7+ 41. Kb1 Qc7 42. Rc2 Ka6 43. c5
a4 44. Rd6+ Ka5 45. Rxh6 Qe5 46. Rd6 Qe1+ 47. Rc1 Qxf2 48. Rd3 b3 49. axb3
a3 50. Rc2 Qf1+ 51. Ka2 Qxd3 52. Rc4 Qd1 53. h6 Qh1 54. Rc2 Kb5 55. Rc4
Qxh6 56. Kxa3 Qd2 57. c6 bxc6 58. Ra4 Qc1+ 59. Ka2 Qc2+ 60. Ka3 c5 61. Rh4
Qb1 62. Rh2 Qa1+ 63. Ra2 Qc1+ 64. Rb2 Ka5 65. Ka2 Kb4 66. Rh2 Qa3+ 67. Kb1
Qxb3+ 68. Rb2 Kc3 69. Rxb3+ Kxb3 0-1

[Event "6th EICC"]
[Site "Warsaw POL"]
[Date "2005.06.23"]
[Round "6"]
[White "Nielsen,PH"]
[Black "Siebrecht,S"]
[Result "1-0"]
[WhiteElo "2653"]
[BlackElo "2438"]
[EventDate "2005.06.18"]

1. d4 g6 2. c4 Bg7 3. e4 Nc6 4. Ne2 d6 5. Be3 e5 6. Nbc3 exd4 7. Nxd4 Nge7
8. h4 O-O 9. h5 Re8 10. hxg6 fxg6 11. Be2 Nxd4 12. Bxd4 Bxd4 13. Qxd4 Nc6
14. Qe3 Be6 15. O-O-O Qf6 16. f4 Qf7 17. g4 Bxc4 18. Bxc4 Qxc4 19. f5 Ne5
20. Kb1 Qf7 21. Nd5 c6 22. fxg6 Nxg6 23. Rhf1 Qe6 24. Nf6+ Kg7 25. Qh3 Rh8
26. Nh5+ Kg8 27. Rxd6 Qxe4+ 28. Ka1 Qb4 1-0

[Event "6th EICC"]
[Site "Warsaw POL"]
[Date "2005.06.23"]
[Round "6"]
[White "Sokolov,I"]
[Black "Markowski,T"]
[Result "1-0"]
[WhiteElo "2662"]
[BlackElo "2560"]
[EventDate "2005.06.18"]

1. d4 d5 2. Nf3 Nf6 3. c4 dxc4 4. e3 e6 5. Bxc4 a6 6. O-O Nbd7 7. a4 b6 8.
Nc3 Bb7 9. Re1 Bb4 10. Qb3 c5 11. e4 O-O 12. e5 Bxc3 13. bxc3 Nd5 14. Ng5
h6 15. Ne4 Bc6 16. Bf1 Qh4 17. g3 Qg4 18. Bg2 b5 19. Ba3 b4 20. cxb4 cxb4
21. Rac1 Bxa4 22. Qxa4 N7b6 23. Qa5 bxa3 24. h3 Qg6 25. Rc6 a2 26. Ra1 Rac8
27. Rxc8 Rxc8 28. Qxa2 Rc4 29. Qd2 Rb4 30. Kh2 Nc4 31. Qe2 a5 32. Nd6 Nxd6
33. exd6 Rxd4 34. Rd1 Rxd1 35. Qxd1 Qf6 36. Qe1 Nb4 37. Qc1 Nd5 38. Qc5 Kh7
39. d7 Qd8 40. Qc2+ f5 41. Qc8 1-0

[Event "6th EICC"]
[Site "Warsaw POL"]
[Date "2005.06.23"]
[Round "6"]
[White "Nyback,T"]
[Black "Kobalia,M"]
[Result "1/2-1/2"]
[WhiteElo "2551"]
[BlackElo "2644"]
[EventDate "2005.06.18"]

1. d4 d5 2. c4 c6 3. Nf3 e6 4. Qc2 Nf6 5. Bg5 dxc4 6. Qxc4 b5 7. Qc2 Bb7 8.
e3 Nbd7 9. Nbd2 Rc8 10. Be2 a6 11. a4 c5 12. d5 exd5 13. axb5 axb5 14. Bxb5
Be7 15. Bxf6 Bxf6 16. Qf5 Qc7 17. Ra7 Ra8 18. Rxa8+ Bxa8 19. O-O Bc6 20.
Bxc6 Qxc6 21. e4 dxe4 22. Nxe4 O-O 23. Nxf6+ Nxf6 1/2-1/2

[Event "6th EICC"]
[Site "Warsaw POL"]
[Date "2005.06.23"]
[Round "6"]
[White "Cheparinov,I"]
[Black "Baramidze,D"]
[Result "1-0"]
[WhiteElo "2621"]
[BlackElo "2542"]
[EventDate "2005.06.18"]

1. e4 c5 2. Nf3 d6 3. d4 cxd4 4. Nxd4 Nf6 5. Nc3 a6 6. Be3 e5 7. Nb3 Be6 8.
f3 Nc6 9. Be2 Rc8 10. Nd5 Bxd5 11. exd5 Ne7 12. c4 g6 13. a4 a5 14. c5 Bg7
15. Bb5+ Kf8 16. O-O Nfxd5 17. Bf2 Bh6 18. Re1 Kg7 19. Nxa5 dxc5 20. Nxb7
Qb6 21. Nxc5 Rxc5 22. Rxe5 f6 23. Rxd5 Nxd5 24. b4 Be3 25. Bxe3 Nxe3 26.
bxc5 Qxc5 27. Rc1 Qe5 28. Qd7+ Kh6 29. Qh3+ Kg7 30. Qd7+ Kh6 31. Qd2 g5 32.
Re1 Nc4 33. Rxe5 Nxd2 34. Rd5 Nb1 35. Rd6 1-0

[Event "6th EICC"]
[Site "Warsaw POL"]
[Date "2005.06.23"]
[Round "6"]
[White "Gritsak,O"]
[Black "Pelletier,Y"]
[Result "1/2-1/2"]
[WhiteElo "2537"]
[BlackElo "2610"]
[EventDate "2005.06.18"]

1. Nf3 Nf6 2. c4 e6 3. g3 b6 4. Bg2 Bb7 5. O-O c5 6. b3 Be7 7. Bb2 O-O 8.
e3 a6 9. Qe2 d6 10. Rd1 Re8 11. Nc3 Qc7 12. d4 cxd4 13. exd4 Bf8 14. Rac1
Nbd7 15. Nh4 Rab8 16. Ne4 Bxe4 17. Bxe4 Nxe4 18. Qxe4 d5 19. cxd5 Qb7 20.
Qf3 exd5 21. Nf5 Nf6 22. Rc2 Rbc8 23. Rdc1 Rxc2 24. Rxc2 Qd7 25. Kg2 Qe6
26. Bc1 Ne4 27. Ne3 g6 28. Ng4 Rc8 29. Rxc8 Qxc8 30. Qd1 Bg7 31. Bb2 h5 32.
Ne5 b5 33. Nd3 Qc6 34. h4 a5 35. Qc1 Qxc1 36. Nxc1 Kf8 37. Ne2 Ke7 38. f3
Nf6 39. Kf2 Kd6 40. Ke3 Ne8 41. Kd3 Kc6 42. Bc3 b4 43. Be1 Bf8 44. Bd2
1/2-1/2

[Event "6th EICC"]
[Site "Warsaw POL"]
[Date "2005.06.23"]
[Round "6"]
[White "Shomoev,A"]
[Black "Izoria,Z"]
[Result "0-1"]
[WhiteElo "2540"]
[BlackElo "2602"]
[EventDate "2005.06.18"]

1. e4 c6 2. d4 d5 3. Nc3 dxe4 4. Nxe4 Bf5 5. Ng3 Bg6 6. h4 h6 7. Nf3 Nd7 8.
h5 Bh7 9. Bd3 Bxd3 10. Qxd3 e6 11. Bf4 Ngf6 12. O-O-O Be7 13. Kb1 O-O 14.
Ne4 Nxe4 15. Qxe4 Nf6 16. Qe2 Qd5 17. Ne5 Qe4 18. Qxe4 Nxe4 19. Rhe1 Nf6
20. g4 Bd6 21. f3 a5 22. Be3 a4 23. c4 Rfd8 24. Kc2 Rac8 25. Bf2 b5 26. b3
Rc7 27. Rb1 axb3+ 28. axb3 bxc4 29. bxc4 c5 30. dxc5 Bxc5 31. Bg3 Bd6 32.
Kb3 Rb8+ 33. Kc3 Rbc8 34. Kd3 Nd7 35. Nxd7 Bxg3 36. Nb6 Rd8+ 37. Kc3 Bxe1+
38. Rxe1 Rb8 39. Na4 Ra7 40. Ra1 Ra5 41. c5 Rbb5 42. c6 Ra6 43. Kc4 Rd5 0-1

[Event "6th EICC"]
[Site "Warsaw POL"]
[Date "2005.06.23"]
[Round "6"]
[White "Lopez Martinez,J"]
[Black "Guseinov,G"]
[Result "1/2-1/2"]
[WhiteElo "2488"]
[BlackElo "2573"]
[EventDate "2005.06.18"]

1. e4 c5 2. Nf3 Nc6 3. d4 cxd4 4. Nxd4 Nf6 5. Nc3 d6 6. Bg5 e6 7. Qd2 Be7
8. O-O-O O-O 9. f3 a6 10. h4 Nxd4 11. Qxd4 Qc7 12. Qd2 b5 13. Bd3 b4 14.
Ne2 a5 15. Kb1 a4 16. Nd4 Bd7 17. g4 Rfd8 18. h5 e5 19. Nf5 Bxf5 20. gxf5
a3 21. Rdg1 axb2 22. Bh6 Bf8 23. Rxg7+ Kh8 24. Rhg1 Rxa2 25. Kxa2 Qa7+ 26.
Kxb2 Qa3+ 27. Kb1 Ra8 28. Ba6 Qxa6 29. Rg8+ Nxg8 30. Rxg8+ Kxg8 31. Qg5+
1/2-1/2

[Event "6th EICC"]
[Site "Warsaw POL"]
[Date "2005.06.23"]
[Round "6"]
[White "Maze,S"]
[Black "Popov,Val"]
[Result "1/2-1/2"]
[WhiteElo "2470"]
[BlackElo "2568"]
[EventDate "2005.06.18"]

1. e4 e6 2. d4 d5 3. Nc3 Nf6 4. Bg5 dxe4 5. Nxe4 Be7 6. Bxf6 gxf6 7. Nf3 a6
8. Bd3 f5 9. Ned2 c5 10. dxc5 Qa5 11. O-O Qxc5 12. Re1 Nc6 13. Nc4 b5 14.
Nce5 Bb7 15. a4 Rd8 16. axb5 Nxe5 17. Rxe5 Bxf3 18. Rxc5 Bxd1 19. Rc7 Bd6
20. Rb7 Bxc2 21. Bxc2 axb5 22. Rxb5 O-O 23. Rd1 Bc7 24. Rb7 Be5 25. g3 Kg7
26. f4 Rxd1+ 27. Bxd1 Bd4+ 28. Kg2 Kg6 29. h4 1/2-1/2

[Event "6th EICC"]
[Site "Warsaw POL"]
[Date "2005.06.23"]
[Round "6"]
[White "Dizdar,G"]
[Black "Filippov,Va"]
[Result "1-0"]
[WhiteElo "2524"]
[BlackElo "2621"]
[EventDate "2005.06.18"]

1. d4 d5 2. c4 e6 3. Nf3 Nf6 4. g3 c6 5. Bg2 Nbd7 6. O-O Be7 7. b3 O-O 8.
Bb2 b6 9. Nbd2 Bb7 10. Rc1 Rc8 11. e3 c5 12. Qe2 Rc7 13. cxd5 Nxd5 14. e4
N5f6 15. e5 Nd5 16. Nc4 Qc8 17. Qd2 Rd8 18. Nd6 Bxd6 19. exd6 Rc6 20. dxc5
Nxc5 21. Bxg7 Ne4 22. Qh6 Rxc1 23. Rxc1 Qxc1+ 24. Qxc1 Kxg7 25. Nd4 Rc8 26.
Qa1 Ndf6 27. Nb5 Rc2 28. d7 Rd2 29. Nd4 1-0

[Event "6th EICC"]
[Site "Warsaw POL"]
[Date "2005.06.23"]
[Round "6"]
[White "Dautov,R"]
[Black "Mista,A"]
[Result "1-0"]
[WhiteElo "2609"]
[BlackElo "2497"]
[EventDate "2005.06.18"]

1. d4 d5 2. c4 dxc4 3. Nf3 Nf6 4. e3 e6 5. Bxc4 c5 6. O-O a6 7. Bb3 Nbd7 8.
e4 Nxe4 9. Qe2 Nd6 10. d5 e5 11. Nxe5 Be7 12. Nxd7 Qxd7 13. Nc3 b5 14. Bg5
f6 15. Bf4 O-O 16. Rfe1 Rf7 17. a4 c4 18. Bc2 Bb7 19. Qe6 Qxe6 20. dxe6
Rff8 21. Rad1 Rfd8 22. Nd5 Bxd5 23. Rxd5 Rab8 24. Red1 Rb6 25. a5 Rc6 26.
Be4 c3 27. bxc3 g5 28. Bg3 b4 29. cxb4 Nxe4 30. Rxd8+ Bxd8 31. Rxd8+ Kg7
32. Rd7+ Kg6 33. Rc7 Rxe6 34. f3 Nxg3 35. hxg3 Re2 36. g4 Rb2 37. Rb7 h5
38. gxh5+ Kxh5 39. Kh2 Kg6 40. Rb6 Kf5 41. Kh3 Kg6 42. Kg3 Kf5 43. Kh2 Ke5
44. Kh3 Kf5 45. g3 Rb3 46. g4+ Ke5 47. Kg3 Rb2 48. Rxa6 Rxb4 49. Ra8 Rb1
50. Re8+ Kd6 51. a6 Rg1+ 52. Kf2 Ra1 53. Ra8 Ra2+ 54. Ke3 f5 55. gxf5 Ra3+
56. Kd2 Kc7 57. f6 1-0

[Event "6th EICC"]
[Site "Warsaw POL"]
[Date "2005.06.23"]
[Round "6"]
[White "Mchedlishvili,M"]
[Black "Iordachescu,V"]
[Result "1/2-1/2"]
[WhiteElo "2518"]
[BlackElo "2609"]
[EventDate "2005.06.18"]

1. d4 Nf6 2. c4 e6 3. Nc3 d5 4. Bg5 Be7 5. e3 O-O 6. Nf3 Nbd7 7. Bd3 dxc4
8. Bxc4 c5 9. O-O a6 10. a4 cxd4 11. exd4 Nb6 12. Bb3 Bd7 13. a5 Nbd5 14.
Bxd5 Nxd5 15. Nxd5 exd5 16. Bxe7 Qxe7 17. Qd2 1/2-1/2

[Event "6th EICC"]
[Site "Warsaw POL"]
[Date "2005.06.23"]
[Round "6"]
[White "Petrosian,TL"]
[Black "Iljin,A"]
[Result "1/2-1/2"]
[WhiteElo "2599"]
[BlackElo "2484"]
[EventDate "2005.06.18"]

1. e4 e5 2. Nf3 Nf6 3. Nxe5 d6 4. Nf3 Nxe4 5. Nc3 Nxc3 6. dxc3 Be7 7. Bf4
Nc6 8. Qd2 Bg4 9. Be2 Qd7 10. h3 Be6 11. O-O-O a6 12. Kb1 O-O-O 13. Rhe1 h6
14. Bd3 Bf6 15. Re3 Rhe8 16. Rde1 Re7 17. Qe2 Kb8 18. g4 Rde8 19. a3 Bd5
20. Bf5 Qd8 21. Qd1 Rxe3 22. Rxe3 Rxe3 23. Bxe3 Bxf3 24. Qxf3 Bg5 25. Bd4
Nxd4 26. cxd4 Qf6 27. Qe4 Qe7 28. Qd5 c6 29. Qa5 d5 30. Bd3 Bf6 31. Qb6 Qc7
32. Qb4 Qe7 33. Qb6 Qc7 34. Qb4 Qe7 35. Qc3 Qd6 36. Qb3 Bxd4 37. Bxa6 Qc7
38. f4 Kc8 39. Bd3 Qxf4 40. a4 Kc7 41. Qb4 Qe3 42. Qa5+ Bb6 43. Qa8 Qe1+
44. Ka2 Qa5 45. Qf8 Qxa4+ 46. Kb1 Bd4 47. Qxf7+ Kb6 48. Qe7 Bf6 49. Qe3+ c5
50. Qe6+ Qc6 51. Bf5 Qxe6 52. Bxe6 Kc6 53. c4 dxc4 54. Bxc4 Kd6 55. Kc2 Ke5
56. b3 Kf4 57. Kd3 Kg3 58. Ke4 Kxh3 59. Kf3 g5 60. Bb5 Kh4 61. Be8 b6 62.
Bh5 b5 63. Ke2 c4 1/2-1/2

[Event "6th EICC"]
[Site "Warsaw POL"]
[Date "2005.06.23"]
[Round "6"]
[White "Bartel,Mat"]
[Black "Azarov,S"]
[Result "1/2-1/2"]
[WhiteElo "2511"]
[BlackElo "2572"]
[EventDate "2005.06.18"]

1. e4 e5 2. Nf3 Nc6 3. Bb5 a6 4. Ba4 Nf6 5. O-O Be7 6. Re1 b5 7. Bb3 d6 8.
c3 O-O 9. d4 Bg4 10. a4 Bxf3 11. gxf3 Na5 12. Ba2 c5 13. Na3 Qb8 14. f4
cxd4 15. cxd4 Nc6 16. Nc2 bxa4 17. Bb1 Bd8 18. d5 Ne7 19. f5 Ba5 20. Re2
Qb5 21. Ne3 Rfc8 22. Bd3 Qb7 23. Rxa4 Bb4 24. Nc2 a5 25. Nxb4 axb4 26. Rxa8
Rxa8 27. Bg5 h6 28. Be3 b3 29. f3 Kh7 30. Bc4 Rb8 31. Rd2 Qb4 32. Bf1 Nh5
33. Rd3 g6 34. fxg6+ Nxg6 35. Rc3 Ngf4 36. Rc7 Rg8+ 37. Kh1 Rg7 38. Qc1 Qa4
39. Ra7 Qb4 40. Rc7 Qa4 41. Rc6 Rg6 42. Rc8 Qa5 43. Rb8 Rg8 44. Rxb3 Qd8
45. Bf2 Qg5 46. Rc3 Qg6 47. Qc2 Ng2 48. Rc8 Rg7 49. Ra8 Nh4 50. Qc8 Qg5 51.
Bh3 Qf4 52. Bf5+ Nxf5 53. Qxf5+ Qxf5 54. exf5 Nf4 55. Bh4 Nxd5 56. Rd8 Ne3
57. Bf6 Rg8 58. Rxd6 Nxf5 59. Rd5 Rc8 60. Rd2 Rc1+ 61. Kg2 Ne3+ 62. Kh3 Rc6
63. Bxe5 Nc4 64. Rd5 Nxe5 65. Rxe5 Rb6 66. Re2 Kg6 67. Kg3 Kf5 68. Kf2 Rb3
69. Kg3 f6 70. h4 h5 71. Rc2 Rb4 72. Rc5+ Kg6 73. Rc2 1/2-1/2

[Event "6th EICC"]
[Site "Warsaw POL"]
[Date "2005.06.23"]
[Round "6"]
[White "Khismatullin,D"]
[Black "Firman,N"]
[Result "0-1"]
[WhiteElo "2572"]
[BlackElo "2471"]
[EventDate "2005.06.18"]

1. c4 e5 2. Nc3 c5 3. g3 g6 4. Bg2 Bg7 5. a3 a5 6. Nf3 Nc6 7. d3 Nge7 8.
Nd2 O-O 9. Nf1 Rb8 10. Rb1 d6 11. Bd2 f5 12. Ne3 f4 13. Ned5 Nd4 14. gxf4
Nef5 15. Be4 Qh4 16. e3 exf4 17. Nxf4 Nxe3 18. Bxe3 Bg4 19. Qc1 Rbe8 20.
Nce2 g5 21. Ng2 Qh3 22. Ng1 Qh5 23. h4 Bf5 24. Bxf5 Nxf5 25. Qd1 Qf7 26.
Nh3 Nd4 27. hxg5 Nf3+ 28. Kf1 Qh5 29. Ngf4 Qg4 30. b4 axb4 31. axb4 Bd4 32.
Qe2 cxb4 33. Nd5 Bc3 34. Nxc3 bxc3 35. Rc1 Nd2+ 36. Ke1 Qg2 37. Rg1 Nf3+
38. Kd1 Qxh3 39. Qf1 Nxg1 40. Qxg1 0-1

[Event "6th EICC"]
[Site "Warsaw POL"]
[Date "2005.06.23"]
[Round "6"]
[White "Bobras,P"]
[Black "Chuchelov,V"]
[Result "1-0"]
[WhiteElo "2501"]
[BlackElo "2571"]
[EventDate "2005.06.18"]

1. e4 c5 2. Nf3 e6 3. d4 cxd4 4. Nxd4 a6 5. Nc3 Qc7 6. Bd3 Nf6 7. O-O Bc5
8. Nb3 Be7 9. f4 d6 10. Bd2 Nbd7 11. Qe2 b5 12. a4 b4 13. Nd1 d5 14. e5 Ne4
15. Be3 O-O 16. Nf2 Bb7 17. Bd4 1-0

[Event "6th EICC"]
[Site "Warsaw POL"]
[Date "2005.06.23"]
[Round "6"]
[White "Kornev,Alexei"]
[Black "Khmelniker,I"]
[Result "1-0"]
[WhiteElo "2565"]
[BlackElo "2458"]
[EventDate "2005.06.18"]

1. e4 e5 2. Nf3 Nc6 3. Nc3 Nf6 4. Bb5 Bb4 5. O-O O-O 6. d3 d6 7. Bg5 Bxc3
8. bxc3 Qe7 9. Re1 Nd8 10. d4 Ne6 11. Bc1 Rd8 12. Bf1 c5 13. Nh4 g6 14. d5
Nf4 15. g3 Nh3+ 16. Bxh3 Bxh3 17. Bg5 Kg7 18. Qd2 Rh8 19. Bh6+ Kg8 20. f4
Ng4 21. f5 f6 22. Be3 Kg7 23. Rab1 g5 24. Nf3 Nxe3 25. Qxe3 Bg4 26. Nd2 Bh5
27. Nc4 Be8 28. h4 h6 29. Kf2 b5 30. Nd2 Qc7 31. Rh1 Bd7 32. c4 Qa5 33.
cxb5 Bxb5 34. Rb2 Ba6 35. Rhb1 c4 36. c3 Qc7 37. Qf3 Kf7 38. Rb4 gxh4 39.
gxh4 Rhg8 40. Qh5+ Ke7 41. Qxh6 Qc5+ 42. Kf3 Raf8 43. Qh7+ Kd8 44. Rb8+ Bc8
45. Rxc8+ Kxc8 46. Qb7+ 1-0

[Event "6th EICC"]
[Site "Warsaw POL"]
[Date "2005.06.23"]
[Round "6"]
[White "Del Rio Angelis,S"]
[Black "Romanishin,O"]
[Result "0-1"]
[WhiteElo "2495"]
[BlackElo "2559"]
[EventDate "2005.06.18"]

1. d4 Nf6 2. c4 e6 3. Nc3 Bb4 4. e3 b6 5. Nge2 c5 6. a3 Ba5 7. Rb1 Na6 8.
Ng3 Bb7 9. Bd3 O-O 10. O-O d5 11. cxd5 exd5 12. Bxa6 Bxa6 13. b4 Bxf1 14.
Kxf1 cxb4 15. axb4 Rc8 16. Bd2 Bxb4 17. Rxb4 Qd6 18. Qb3 Rc6 19. Nf5 Qc7
20. Be1 g6 21. Ng3 Rc8 22. Nxd5 Nxd5 23. Qxd5 Rc1 24. Ne2 Qxh2 25. Ng3 h5
26. Ra4 a5 27. Ke2 Qg1 28. Bd2 Qd1+ 29. Kd3 0-1

[Event "6th EICC"]
[Site "Warsaw POL"]
[Date "2005.06.23"]
[Round "6"]
[White "Kovchan,A"]
[Black "Grigoriants,S RUS"]
[Result "1-0"]
[WhiteElo "2488"]
[BlackElo "2553"]
[EventDate "2005.06.18"]

1. e4 c5 2. Nf3 d6 3. d4 cxd4 4. Nxd4 Nf6 5. Nc3 Nc6 6. f3 e5 7. Nb3 Be7 8.
Be3 Be6 9. Nd5 Bxd5 10. exd5 Nb4 11. c4 a5 12. Qd2 b6 13. Be2 O-O 14. O-O
Nd7 15. Nc1 Na6 16. Bd1 Nac5 17. Ne2 h6 18. Nc3 Bg5 19. Bc2 Bxe3+ 20. Qxe3
Qg5 21. Qe2 Nf6 22. Kh1 Nfd7 23. Nb5 Qe7 24. b3 Rfc8 25. a3 Qf6 26. Rab1
Na6 27. Nc3 Nc7 28. Ne4 Qe7 29. Ng3 Re8 30. Nf5 Qf8 31. Qd2 Kh8 32. Rbe1 b5
33. Re4 Nf6 34. Rh4 Ng8 35. cxb5 Nxb5 36. Qd3 g6 37. Qxb5 gxf5 38. Qd7 f4
39. g3 fxg3 40. hxg3 Rac8 41. Rf2 Qg7 42. Qxd6 Red8 43. Qa6 e4 44. Qe2 exf3
45. Qxf3 Rc3 46. Bd3 Rxb3 47. Qe4 f6 48. Rg4 Qf7 49. Kg2 Rxa3 50. d6 Rc3
51. Bb1 Re8 52. Qd4 Ra3 53. Bg6 Qb7+ 54. Be4 Qb4 55. d7 Rd8 56. Rxg8+ Kxg8
57. Bd5+ Kh7 58. Be4+ Kg8 59. Bd5+ Kh7 60. Qxf6 1-0

[Event "6th EICC"]
[Site "Warsaw POL"]
[Date "2005.06.23"]
[Round "6"]
[White "Neubauer,M"]
[Black "Nijboer,F"]
[Result "0-1"]
[WhiteElo "2457"]
[BlackElo "2553"]
[EventDate "2005.06.18"]

1. e4 c5 2. Nf3 Nc6 3. c3 Nf6 4. e5 Nd5 5. d4 cxd4 6. cxd4 d6 7. Bc4 e6 8.
O-O Be7 9. exd6 Qxd6 10. Nc3 O-O 11. Re1 a6 12. Ne4 Qb4 13. Bb3 Rd8 14. a3
Qb6 15. Bc2 h6 16. Qd3 Qb5 17. Qd1 Nf6 18. Nc3 Qb6 19. Be3 Ng4 20. Qd3 g6
21. b4 Qc7 22. Bb3 Bf6 23. h3 Nxe3 24. fxe3 Bg7 25. Rac1 Bd7 26. Ne4 Be8
27. Kh1 Qe7 28. Nc5 a5 29. b5 Ne5 30. Nxe5 Bxe5 31. a4 Rac8 32. Qe4 Bg3 33.
Rf1 b6 34. Nd3 Rxc1 35. Rxc1 Qa3 36. Bd1 Kg7 37. Qf3 Bb8 38. Qe2 e5 39. Bc2
e4 0-1